Normal view
MARC view
Entry Topical Term
001 - CONTROL NUMBER
- control field: 3564
003 - CONTROL NUMBER IDENTIFIER
- control field: ARRUPE
005 - DATE AND TIME OF LATEST TRANSACTION
- control field: 20131119165059.0
008 - FIXED-LENGTH DATA ELEMENTS
- fixed length control field: 131119|| aca||aabn | a|a d
040 ## - CATALOGING SOURCE
- Original cataloging agency: ARRUPE
- Transcribing agency: ARRUPE
150 ## - HEADING--TOPICAL TERM
- Topical term or geographic name as entry element: Rorke's Drift. Battle of - South Africa 1879
670 ## - SOURCE DATA FOUND
- Source citation: Work cat.: (ARRUPE): Glover, Michael 3563, Rorke's drift, 1975